000 00218nam a2200109Ia 4500
999 _c7560
_d7560
020 _a0-19-579529-6
100 _aMuneeza Shamsie
245 0 _aLeaving Home
260 _aUK
_bAddision
_c2001
300 _a434
942 _cBK